| АИС "Историко-культурное наследие Беларуси" | ||
| Базовый | Расширенный | Профессиональный | Словарь персоналий | Тематический словарь | По видам объектов | История запросов Заказы | Регистрация | |
Запись в MARC-формате
| копировать MARC-запись |
=LDR 00000nx\\c2200205\\\45\\
=001 BY-NLB-ar3349319
=005 20160330095633.0
=100 \\$a20100212arusy50\\\\\\ca0
=152 \\$apsbo
=160 \\$ae-bw
=215 \\$aЦерковь во имя святителя Николая Чудотворца (Иказнь, деревня; Браславский район)
=300 1\$aПамятник архитектуры ретроспективно-русского стиля. Построена в 1905 г. из кирпича на месте предыдущего храма, упоминающегося в 1881 г.
=356 \\$aНаходится в центре д. Иказнь Браславского района Витебской области.
=415 \\$aИказненская Свято-Николаевская церковь
=415 \\$aСвято-Николаевская церковь (Иказнь, деревня; Браславский район)
=515 \\$5w$3BY-NLB-ar3349329$aЦарква ў імя свяціцеля Мікалая Цудатворца (Іказнь, вёска; Браслаўскі раён)
=801 \0$aBY$bBY-HM0000$c20100212
=810 \\$aПраваслаўныя храмы Беларусі : энцыклапедычны даведнік / А. М. Кулагін. — Мінск, 2007.
=810 \\$aТуристская энциклопедия Беларуси. — Минск, 2007.
=999 \\$f40$t20100212
Чтобы вернуться назад, щелкните кнопку BACK на Вашем браузере